OBSTETRICS & GYNAECOLOGY FOR POST GRADUATES VOL-2 / (Record no. 795990)

MARC details
000 -LEADER
fixed length control field 00487pam a2200181 a 4500
020 ## - INTERNATIONAL STANDARD BOOK NUMBER
International Standard Book Number 8125024999
Terms of availability 695.00
041 ## - LANGUAGE CODE
Language code of text/sound track or separate title eng
Language code of original NULL
082 ## - DEWEY DECIMAL CLASSIFICATION NUMBER
Classification number 618.2
Item number RAT/RAO
100 ## - MAIN ENTRY--PERSONAL NAME
Personal name RATNMAM, S .
245 ## - TITLE STATEMENT
Title OBSTETRICS & GYNAECOLOGY FOR POST GRADUATES VOL-2 /
Statement of responsibility, etc. NULL.
Medium Textual Documents
260 ## - PUBLICATION, DISTRIBUTION, ETC.
Place of publication, distribution, etc. NULL :
Name of publisher, distributor, etc. ORIENT LONGMAN ,
Date of publication, distribution, etc. 2003.
300 ## - PHYSICAL DESCRIPTION
Extent 456 :
Other physical details XI ;
Dimensions NULL .
365 ## - TRADE PRICE
Price type code 695.00
650 ## - SUBJECT ADDED ENTRY--TOPICAL TERM
Topical term or geographic name entry element OBST.GYNE
700 ## - ADDED ENTRY--PERSONAL NAME
Personal name RAO, K .
930 ## - EQUIVALENCE OR CROSS-REFERENCE-UNIFORM TITLE HEADING [LOCAL, CANADA]
Uniform title 1454
Holdings
Withdrawn status Lost status Damaged status Not for loan Home library Current library Date acquired Cost, normal purchase price Total Checkouts Full call number Barcode Date due Date last seen Date last checked out Copy number Price effective from Koha item type
        Medical College & Hospital, Sangli Medical College & Hospital, Sangli 28/11/2011 695.00 1 618.2 RAT/RAO MCS-3956 01/10/2043 06/10/2023 06/10/2023 1 26/07/2023 Book